<?xml version="1.0" encoding="UTF-8"?><?xml-stylesheet type="text/xsl" href="static/style.xsl"?><OAI-PMH xmlns="http://www.openarchives.org/OAI/2.0/" xmlns:xsi="http://www.w3.org/2001/XMLSchema-instance" xsi:schemaLocation="http://www.openarchives.org/OAI/2.0/ http://www.openarchives.org/OAI/2.0/OAI-PMH.xsd"><responseDate>2026-04-17T01:54:38Z</responseDate><request verb="GetRecord" identifier="oai:www.recercat.cat:2117/427215" metadataPrefix="marc">https://recercat.cat/oai/request</request><GetRecord><record><header><identifier>oai:recercat.cat:2117/427215</identifier><datestamp>2026-02-07T07:20:26Z</datestamp><setSpec>com_2072_1033</setSpec><setSpec>col_2072_452950</setSpec></header><metadata><record xmlns="http://www.loc.gov/MARC21/slim" xmlns:dcterms="http://purl.org/dc/terms/" xmlns:xsi="http://www.w3.org/2001/XMLSchema-instance" xmlns:doc="http://www.lyncode.com/xoai" xsi:schemaLocation="http://www.loc.gov/MARC21/slim http://www.loc.gov/standards/marcxml/schema/MARC21slim.xsd">
   <leader>00925njm 22002777a 4500</leader>
   <datafield ind2=" " ind1=" " tag="042">
      <subfield code="a">dc</subfield>
   </datafield>
   <datafield ind2=" " ind1=" " tag="720">
      <subfield code="a">Angelini, Riccardo</subfield>
      <subfield code="e">author</subfield>
   </datafield>
   <datafield ind2=" " ind1=" " tag="720">
      <subfield code="a">Angelats, Eduard</subfield>
      <subfield code="e">author</subfield>
   </datafield>
   <datafield ind2=" " ind1=" " tag="720">
      <subfield code="a">Luzi, Guido</subfield>
      <subfield code="e">author</subfield>
   </datafield>
   <datafield ind2=" " ind1=" " tag="720">
      <subfield code="a">Masiero, Andrea</subfield>
      <subfield code="e">author</subfield>
   </datafield>
   <datafield ind2=" " ind1=" " tag="720">
      <subfield code="a">Simarro Grande, Gonzalo</subfield>
      <subfield code="e">author</subfield>
   </datafield>
   <datafield ind2=" " ind1=" " tag="720">
      <subfield code="a">Ribas Prats, Francesca</subfield>
      <subfield code="e">author</subfield>
   </datafield>
   <datafield ind2=" " ind1=" " tag="260">
      <subfield code="c">2024-12-04</subfield>
   </datafield>
   <datafield ind2=" " ind1=" " tag="520">
      <subfield code="a">Coastal zones, particularly sandy beaches, are highly dynamic environments subject to a variety of natural and anthropogenic forcings. Instantaneous shoreline is a widely used indicator of beach changes in image-based applications, and it can display undulations at different spatial and temporal scales. Megacusps, periodic seaward and landward shoreline perturbations, are an example of such undulations that can significantly modify beach width and impact its usability. Traditionally, the study of these phenomena relied on video monitoring systems, which provide high-frequency imagery but limited spatial coverage. Instead, this study explored the potential of employing multispectral satellite-derived shorelines, specifically from Sentinel-2 (S2) and PlanetScope (PLN) platforms, for characterizing and monitoring megacusps’ formation and their dynamics over time. First, a tool was developed and validated to guarantee accurate shoreline detection, based on a combination of spectral indices, along with both thresholding and unsupervised clustering techniques. Validation of this shoreline detection phase was performed on three micro-tidal Mediterranean beaches, comparing with high-resolution orthomosaics and in-situ GNSS data, obtaining a good subpixel accuracy (with a mean absolute deviation of 1.5–5.5 m depending on the satellite type). Second, a tool for megacusp characterization was implemented and subsequent validation with reference data proved that satellite-derived shorelines could be used to robustly and accurately describe megacusps. The methodology could not only capture their amplitude and wavelength (of the order of 10 and 100 m, respectively) but also monitor their weekly–daily evolution using different potential metrics, thanks to combining S2 and PLN imagery. Our findings demonstrate that multispectral satellite imagery provides a viable and scalable solution for monitoring shoreline megacusp undulations, enhancing our understanding and offering an interesting option for coastal management.</subfield>
   </datafield>
   <datafield ind2=" " ind1=" " tag="520">
      <subfield code="a">Objectius de Desenvolupament Sostenible::13 - Acció per al Clima</subfield>
   </datafield>
   <datafield ind2=" " ind1=" " tag="520">
      <subfield code="a">Postprint (published version)</subfield>
   </datafield>
   <datafield tag="653" ind2=" " ind1=" ">
      <subfield code="a">Àrees temàtiques de la UPC::Física</subfield>
   </datafield>
   <datafield tag="653" ind2=" " ind1=" ">
      <subfield code="a">Shoreline extraction</subfield>
   </datafield>
   <datafield tag="653" ind2=" " ind1=" ">
      <subfield code="a">Megacusps</subfield>
   </datafield>
   <datafield tag="653" ind2=" " ind1=" ">
      <subfield code="a">Sentinel-2</subfield>
   </datafield>
   <datafield tag="653" ind2=" " ind1=" ">
      <subfield code="a">PlanetScope</subfield>
   </datafield>
   <datafield tag="653" ind2=" " ind1=" ">
      <subfield code="a">Multispectral imagery</subfield>
   </datafield>
   <datafield ind2="0" ind1="0" tag="245">
      <subfield code="a">Development of methods for satellite shoreline detection and monitoring of megacusp undulations</subfield>
   </datafield>
</record></metadata></record></GetRecord></OAI-PMH>